Bioética y ciudadanía: Nuevas fronteras de la Ética
Saved in:
| Main Author: | |
|---|---|
| Format: | Book |
| Language: | Undetermined |
| Published: |
Madrid, España
Editorial Biblioteca Nueva
2008
|
| Subjects: | |
| Tags: |
Add Tag
No Tags, Be the first to tag this record!
|
MARC
| LEADER | 00000nam a2200000Ia 4500 | ||
|---|---|---|---|
| 008 | 170316s9999 xx 000 0 und d | ||
| 090 | |a 100 L-46.1b | ||
| 100 | |a López de la Vieja, María Teresa | ||
| 245 | |a Bioética y ciudadanía: Nuevas fronteras de la Ética | ||
| 260 | |a Madrid, España | ||
| 260 | |b Editorial Biblioteca Nueva | ||
| 260 | |c 2008 | ||
| 300 | |a 343 páginas | ||
| 650 | |a FILOSOFÍA | ||
| 650 | |a BIOÉTICA | ||
| 650 | |a BIOÉTICA LIBERAL | ||
| 650 | |a DERECHOS HUMANOS | ||
| 650 | |a EUGENESIA | ||
| 650 | |a LA PROTECCIÓN DE LA VIDA | ||
| 650 | |a BIOÉTICA - FEMINISMO | ||
| 650 | |a BIOÉTICA CÍVICA | ||
| 650 | |a ÉTICA - CIUDADANÍA | ||
| 650 | |a ANIMALES - BIOÉTICA | ||
| 999 | |c 16852 |d 16852 | ||
| 040 | |a cru BVZT | ||
| 942 | |c 15 D |h 100 L-46.1b |2 z | ||
